twenty one pilots songs by title drop - Statistics

General Stats
  • This quiz has been taken 107 times
  • The average score is 65 of 85
Answer Stats
Hint Answer % Correct
__ ___ ____ __ ______ ____, check in/It's not worth the risk At The Risk of Feeling Dumb
89%
_______, _______, cover me Jumpsuit
89%
There's no sun/Our ________'s in the dark Hometown
87%
Sippin' on straight _______ Chlorine
85%
Can you save my/Can you save my _____________ Heavydirtysoul
85%
Son when I grow old/Will you buy me a _____ __ ____ House of Gold
85%
__, __ _______/My pretty sleeper Oh, Ms. Believer
85%
I would swim the ______ ____/Without any flotation Paladin Strait
85%
When our mama sang us to sleep/But now we're _______ ___ Stressed Out
85%
They call it ______ ____/that part they aim for Center Mass
84%
I know it's over/I was born a ______ Choker
84%
Even when I _____ you/I'm no good without you Doubt
84%
_________/I feel better in the cellar Downstairs
84%
Puttin' on a ____ ____ Drum Show
84%
I feel like _______/I feel like Garbage
84%
I'm a _____, somebody catch my breath Goner
84%
I-I-I've got a ______ Migraine
84%
Can't change what you've done/Start fresh ___ _______ Next Semester
84%
Walk the layout, _______ __ ___ ____ Routines In The Night
84%
I'm ____-________/My prayer's schizophrenic Semi-Automatic
84%
If I'm gonna snap necks, then I gotta ____ ____ Snap Back
84%
But I know that I'm going low/I'm a __–, I'm a ______ Bandito
82%
We're moving sideways/Welcome to _______ _____ Mulberry Street
82%
'Cause somebody stole my ___ _____ Car Radio
80%
They say stay in your ____ ___, ____ ___ Lane Boy
80%
In time, I will _____ __ ___ Leave the City
80%
When you're messing with the _______ ___ Message Man
80%
___ ____ moves me, sounds of empty Uzis RAWFEAR
80%
You want a ____, I lost the count Tally
80%
She's the ____ __ __ _____/I'm alive Tear in My Heart
80%
I have killed a man and all I know/Is I am on ___ ___ ___ __ The Run and Go
80%
Silent in the ____ Trees
80%
I don't wanna ________ to where I've started from Backslide
78%
The way around the ___ ____/The way on through City Walls
78%
I'm ____ ____/I've been around Fairly Local
78%
And I'll break down/And I'll ____ ____ ___/All I wanna Fake You Out
78%
You're a ______ in my own mind Legend
78%
Oh, I know how to ______ up off my feet Levitate
78%
You don't need to run/Stay with me, __ _____ My Blood
78%
We come for you/__ ______ No Chances
78%
Your favorite song was on the ____ ______ Oldies Station
78%
Should they keep it on display/Or _________? Redecorate
78%
'Cause there's a ______ on my chest Screen
78%
For you, I would get beat to __________ Smithereens
78%
You're ___ _____, oh, no/Set me free The Judge
78%
__ ___'_ ______ ___'_ __ __/Because it's what we want to see We Don't Believe What's On TV
78%
In fact I'm only at it again/As an _____ ___ _ ___ Addict With A Pen
76%
But I can't when you all have/____ ___ ____, yeah Guns for Hands
76%
I've got a ___ ______ down in my basement Pet Cheetah
76%
But on _______, _______, _______/We paint the town Saturday
76%
My ____ __ _______/'Cause I just can't afford it Days Lie Dormant
75%
_____, ______ don't take your life away from me Friend, Please
75%
I'll _____ to someone else Morph
75%
I'm ________, I'm ________ my head/Disassociate Navigating
75%
____ _________ try to call for my bones Neon Gravestones
75%
Heard you say/"___ _____"/Tore the curtains down Not Today
75%
You should ______, ______, ______ ___ Bounce Man
73%
I know it's hard to believe me/It's a ____ ___ Good Day
73%
All we are is an ___ __ ________ ____/We find our worth Isle of Flightless Birds
73%
I'm flying from a fire/From ____ ___ ___ _____ Nico and the Niners
73%
Don't you ___ ____ Shy Away
73%
You've stolen my __ _______/That kept me safe and sound Air Catcher
71%
Rust around the rim/drink it anyway/I ___ __ __ Cut My Lip
71%
You are _________ to me Formidable
71%
You can be so cold, ______ _____ Midwest Indigo
71%
The chances are high/that this is a/___ ___, ___ ___ One Way
71%
Get up ______ ___, get up ______ ___ Johnny Boy
69%
'Cause I told you my ____ __ ______ Level of Concern
69%
Don't hesitate/But maybe ____________ Overcompensate
69%
Ooh, promises and ________ The Contract
69%
As you watch him fall through a blatant ________ Trapdoor
69%
Clinging to promises/Fighting off the _______ Vignette
69%
And I'll be _______ __ __ ___ (x2) Holding on to You
67%
It's just the beginning of ______ Lavish
67%
Help me _______, help me _______, help me down Polarize
67%
A beautifully plain ____ ___ Taxi Cab
67%
Or am I on ___ _______? The Outside
67%
I don't wanna ___, ___ ____ Fall Away
65%
_________ will set you free Intentions
65%
You and I, we'll ____ ___ _ Never Take It
65%
Then the _____ _____ would reassure me Robot Voices
65%
And once again, I will be/In a _____ __ __ ___ March to the Sea
64%
I hope I communicate ___ _______ The Craving
64%
I don't believe ___ ____ The Hype
64%
You should never trust ___ ________ The Pantaloon
60%
No matching quizzes found
Score Distribution
Percent of People with Each Score
Percentile by Number Answered
Your Score History
You have not taken this quiz